Disease by Picture - Statistics

General Stats
  • This quiz has been taken 58 times
  • The average score is 9 of 16
Answer Stats
Picture Hint Answer % Correct
Rabies
88%
Bovine Spongiform Encephalopathy
83%
Pandemic Covid-19
81%
Image of Pandemic Ebola
75%
Pandemic Black Death
73%
Smallpox
73%
Pandemic Spanish Flu
69%
Chickenpox
56%
Poliomyelitis
56%
Leprosy
50%
Infected Lung Tuberculosis
50%
Avian Influenza
46%
Infection Tetanus
40%
Infected Red Blood Cell Malaria
29%
Cholera
27%
Infection Anthrax
10%
No matching quizzes found
Score Distribution
Percent of People with Each Score
Percentile by Number Answered
Your Score History
You have not taken this quiz